Drumfire ; Buffalo war / Peter McCurtin.
Available copies
- 1 of 1 copy available at LARL/NWRL Consortium.
Current holds
0 current holds with 1 total copy.
Show Only Available Copies
| Location | Call Number / Copy Notes | Barcode | Shelving Location | Status | Due Date |
|---|---|---|---|---|---|
| Greenbush Public Library | pb MCC (Text) | 35500003656210 | Main | Available | - |
Record details
- ISBN: 0843947012
- Physical Description: 377 p. ; 18 cm.
- Publisher: New York : Leisure Books, 2000.
Content descriptions
| General Note: | "Leisure western."--spine. |
Search for related items by subject
| Subject: | Crook, George, 1829-1890 > Fiction. Geronimo, 1829-1909 > Fiction. |
| Genre: | Western stories. Western stories. |
Search for related items by series
| LDR | 00913nam a2200289Ia 4500 | ||
|---|---|---|---|
| 001 | 29842 | ||
| 003 | LARL_NWRL_CONSORTIUM | ||
| 005 | 20000511145454.0 | ||
| 008 | 000323s2000 nyu 000 1 eng d | ||
| 020 | . | ‡a0843947012 | |
| 035 | . | ‡a(OCoLC)43695345 | |
| 092 | . | ‡aPB Western | |
| 099 | . | ‡aMcC | |
| 100 | 1 | . | ‡aMcCurtin, Peter, ‡d1935- ‡0(LARL_NWRL_CONSORTIUM)91890 |
| 245 | 1 | 0. | ‡aDrumfire ; ‡bBuffalo war / ‡cPeter McCurtin. |
| 260 | . | ‡aNew York : ‡bLeisure Books, ‡c2000. | |
| 300 | . | ‡a377 p. ; ‡c18 cm. | |
| 490 | 0 | . | ‡aSundance |
| 500 | . | ‡a"Leisure western."--spine. | |
| 600 | 1 | 0. | ‡aCrook, George, ‡d1829-1890 ‡vFiction. |
| 600 | 0 | 0. | ‡aGeronimo, ‡d1829-1909 ‡vFiction. |
| 655 | 7. | ‡aWestern stories. ‡2gsafd | |
| 655 | 0. | ‡aWestern stories. | |
| 901 | . | ‡a29842 ‡bOCLC ‡c29842 ‡tbiblio | |

Add to basket
Permalink
Enable Highlighting